00962cam a2200253 a 450000100060000000300080000600500170001400800410003103500190007204000320009104100080012308200220013109000170015310000400017024501180021026000550032830000560038350400510043965000170049065100370050794200120054499900170055695201350057326964BD-RjUL20211209051107.0140324r19661958enkb 001 0 eng u a(BD-RjUL)27035 cWSUdOCLdEQOaBD-RjULbeng aeng04a962.403bHOM 1966 aDT108.3b.H61 aHolt, P. M.q(Peter Malcolm)98188214aThe Mahdist State in the Sudan :b1881-1898 : a study of its origins, development and overthrow /cby P. M. Holt. aOxford :bClarendon Press,c1958 [reprinted 1966]. avii, 264 p., [1] folded leaf :bill., maps ;c22cm. aIncludes bibliographical reference and index. 0aMahdi982847 0aSudanxHistoryy1881-1899982848 2ddccBK c26964d26964 00102ddc40728NFICaRUCLbRUCLcReadingd1970-01-20eZietg38.00l0o962.403 HOM 1966r2014-03-24 00:00:00tC-1w2014-03-24yBK